00593cam a2200181 a 450000100100000000500170001000800410002702000150006804000230008308200170010610000570012324500560018026000420023630000280027858600470030665000220035365000360037500000765320200929154240.0990604s1999 sp a 001 f spa  a8476478356 aDO-SdBNPcDLCdDLC a863.64bI24b1 aIglesias, Bieito,q(Bieito Iglesias Araúxo)d1957-10aBajo las más bellas estrellas /cBieito Iglesias. aSevilla, España :bAlgaida,cc1999. a269 p. :bil. ;c23 cm. aIII premio de novela, cuidad de Salamanca. 4aNovela española 4aLiteratura españolaySIGLO XX